A week on the Concord and Merrimack rivers / (Record no. 200468188)
[ view plain ]
| 000 -LEADER | |
|---|---|
| fixed length control field | 00943cam a2200301 i 4500 |
| 001 - CONTROL NUMBER | |
| control field | 200468188 |
| 003 - CONTROL NUMBER IDENTIFIER | |
| control field | TR-AnTOB |
| 005 - DATE AND TIME OF LATEST TRANSACTION | |
| control field | 20260417162329.0 |
| 007 - PHYSICAL DESCRIPTION FIXED FIELD--GENERAL INFORMATION | |
| fixed length control field | ta |
| 008 - FIXED-LENGTH DATA ELEMENTS--GENERAL INFORMATION | |
| fixed length control field | 080624s1963 us 000 0 tur d |
| 040 ## - CATALOGING SOURCE | |
| Original cataloging agency | TR-AnTOB |
| Language of cataloging | eng |
| Description conventions | rda |
| Transcribing agency | TR-AnTOB |
| 041 0# - LANGUAGE CODE | |
| Language code of text/sound track or separate title | İngilizce |
| 050 00 - LIBRARY OF CONGRESS CALL NUMBER | |
| Classification number | PS3042 |
| Item number | .T56 1963 |
| 090 ## - LOCALLY ASSIGNED LC-TYPE CALL NUMBER (OCLC); LOCAL CALL NUMBER (RLIN) | |
| Classification number (OCLC) (R) ; Classification number, CALL (RLIN) (NR) | PS3042 |
| Local cutter number (OCLC) ; Book number/undivided call number, CALL (RLIN) | .T56 1963 |
| 100 1# - MAIN ENTRY--PERSONAL NAME | |
| Personal name | Thoreau, Henry David, |
| Dates associated with a name | 1817-1862 |
| 9 (RLIN) | 44703 |
| 245 #2 - TITLE STATEMENT | |
| Title | A week on the Concord and Merrimack rivers / |
| Statement of responsibility, etc. | Henry David Thoreau. |
| 264 #1 - PRODUCTION, PUBLICATION, DISTRIBUTION, MANUFACTURE, AND COPYRIGHT NOTICE | |
| Place of production, publication, distribution, manufacture | New York : |
| Name of producer, publisher, distributor, manufacturer | Holt Rinehart and Winston, |
| Date of production, publication, distribution, manufacture, or copyright notice | 1963. |
| 300 ## - PHYSICAL DESCRIPTION | |
| Extent | 340 pages ; |
| Dimensions | 21 cm. |
| 336 ## - CONTENT TYPE | |
| Content type term | text |
| Content type code | txt |
| Source | rdacontent |
| 337 ## - MEDIA TYPE | |
| Media type term | unmediated |
| Media type code | n |
| Source | rdamedia |
| 338 ## - CARRIER TYPE | |
| Carrier type term | volume |
| Carrier type code | nc |
| Source | rdacarrier |
| 504 ## - BIBLIOGRAPHY, ETC. NOTE | |
| Bibliography, etc. note | Includes bibliographical references. |
| 651 ## - SUBJECT ADDED ENTRY--GEOGRAPHIC NAME | |
| Geographic name | Merrimack River Valley (N.H. and Mass.) |
| General subdivision | Gezi ve tanıtım |
| 9 (RLIN) | 112267 |
| Geographic name | Concord River (Mass.) |
| General subdivision | Gezi ve tanıtım |
| 9 (RLIN) | 44669 |
| 903 ## - LOCAL DATA ELEMENT C, LDC (RLIN) | |
| a | Merkez Kütüphane. |
| 942 ## - ADDED ENTRY ELEMENTS (KOHA) | |
| Koha item type | Book |
| Source of classification or shelving scheme | Library of Congress Classification |
| Withdrawn status | Lost status | Source of classification or shelving scheme | Damaged status | Not for loan | Collection code | Home library | Current library | Shelving location | Date acquired | Source of acquisition | Inventory number | Total Checkouts | Full call number | Date last seen | Copy number | Date shelved | Koha item type | Public note |
|---|---|---|---|---|---|---|---|---|---|---|---|---|---|---|---|---|---|---|
| Library of Congress Classification | Kullanılmış / Used | Ödünç Verilemez-Kurumiçi kullanım / Not for loan-For inhouse use | Genel Koleksiyon | Tıp Fakültesi Medikal Kütüphane | Tıp Fakültesi Medikal Kütüphane | Genel Koleksiyon / Main Collection | 18/03/2026 | Bağış / Donation | İDE | PS3042 .T56 1963 TıpFaK | 17/04/2026 | 1 | 17/04/2026 | Book | Donated by Şükrü Cin |
